Vytvorenie konkurenčnej výhody podniku s pomocou diferenciácie bakalárska práca

Salvato in:
Dettagli Bibliografici
Autore principale: Gašpieriková, Miriam
Ente Autore: Fakulta podnikového manažmentu EU. Katedra manažmentu
Altri autori: Abuladze, Lasha, 1991-
Natura: Libro
Lingua:slovacco
Pubblicazione: Bratislava 2023
Tags: Aggiungi Tag
Nessun Tag, puoi essere il primo ad aggiungerne!!

MARC

LEADER 00000nbm a2200000 4500
001 0293687
005 20240220100556.4
041 0 |a slo 
044 |a SK 
245 1 0 |a Vytvorenie konkurenčnej výhody podniku s pomocou diferenciácie  |b bakalárska práca  |c Miriam Gašpieriková ; školiteľ: Lasha Abuladze 
264 1 |a Bratislava  |c 2023 
300 |a 46 s. 
100 1 |a Gašpieriková, Miriam 
700 1 |a Abuladze, Lasha, 1991- 
710 2 |a Fakulta podnikového manažmentu EU. Katedra manažmentu